00511pam a2200169a 44500008004100000020000900041041001200050082000900062100001900071245004500090250000600135260003600141300000800177650000900185999001900194952012800213230515b1998 xxu||||| |||| 00| 0 eng d aNULL aENGLISH aN.D. aVan / Lawrence aElements Of Material Science Engineering a0 aNULLbAddison Wesley Pub.c1998 a598 aNULL c584755d584755 00104070aECMbECMcNULLd2008-01-01eNew Popular Bookg270.00l0oN.D.pECM-E-16110r2023-06-28 00:00:00w2023-06-28yBK